[Event "58th ch-RUS Semi-Final"]
[Site "Kazan RUS"]
[Date "2005.09.03"]
[Round "1"]
[White "Bareev,E"]
[Black "Yakovich,Yur"]
[Result "1-0"]
[WhiteElo "2688"]
[BlackElo "2560"]
[EventDate "2005.09.03"]

1. c4 e5 2. g3 Nf6 3. Bg2 d5 4. cxd5 Nxd5 5. Nc3 Nb6 6. Nf3 Nc6 7. O-O Be7
8. a3 O-O 9. b4 Be6 10. Rb1 f6 11. d3 a5 12. b5 Nd4 13. Nd2 Qc8 14. e3 Nf5
15. Qe2 a4 16. Bb2 Nd6 17. f4 exf4 18. Rxf4 c6 19. bxc6 bxc6 20. Nf3 c5 21.
Nd2 Ra7 22. Ba1 Qa6 23. e4 Bd8 24. e5 Ne8 25. exf6 Nd7 26. Rxa4 1-0

[Event "58th ch-RUS Semi-Final"]
[Site "Kazan RUS"]
[Date "2005.09.03"]
[Round "1"]
[White "Sakaev,K"]
[Black "Tomashevsky,E"]
[Result "0-1"]
[WhiteElo "2669"]
[BlackElo "2555"]
[EventDate "2005.09.03"]

1. Nf3 Nf6 2. c4 b6 3. Nc3 c5 4. e3 g6 5. d4 Bg7 6. d5 O-O 7. Bd3 e6 8. O-O
exd5 9. cxd5 d6 10. h3 a6 11. e4 b5 12. a3 Re8 13. Re1 Ra7 14. Be3 Rc7 15.
Qd2 Nbd7 16. Bg5 Bb7 17. Rad1 Rc8 18. Rc1 c4 19. Bc2 Nc5 20. Rcd1 Qb6 21.
e5 dxe5 22. Nxe5 Nfd7 23. Nxd7 Nxd7 24. Rxe8+ Rxe8 25. Re1 Rxe1+ 26. Qxe1
Qd6 27. Qe8+ Nf8 28. Ne4 Qxd5 29. Be7 Qc6 30. Qd8 f5 31. Nf6+ Kf7 32. Be4
fxe4 33. Bd6 Bxf6 0-1

[Event "58th ch-RUS Semi-Final"]
[Site "Kazan RUS"]
[Date "2005.09.03"]
[Round "1"]
[White "Vorobiov,E"]
[Black "Timofeev,Arty"]
[Result "1/2-1/2"]
[WhiteElo "2552"]
[BlackElo "2661"]
[EventDate "2005.09.03"]

1. e4 c5 2. Nf3 Nc6 3. c3 Nf6 4. e5 Nd5 5. d4 cxd4 6. cxd4 d6 7. Bc4 Nb6 8.
Bb5 dxe5 9. Nxe5 Bd7 10. Nxd7 Qxd7 11. Nc3 e6 12. O-O Rc8 13. Be3 a6 14.
Bd3 Nb4 15. Be4 Be7 16. Qh5 N4d5 17. Nxd5 Nxd5 18. Bxd5 Qxd5 19. Qxd5 exd5
20. Rfc1 Kd7 21. Kf1 f5 22. Rxc8 Rxc8 23. Rc1 Rxc1+ 24. Bxc1 Bf6 25. Be3 g5
26. f3 h5 27. h3 g4 28. hxg4 fxg4 29. fxg4 hxg4 30. Ke2 Ke6 31. Kd3 Kf5 32.
g3 Be7 1/2-1/2

[Event "58th ch-RUS Semi-Final"]
[Site "Kazan RUS"]
[Date "2005.09.03"]
[Round "1"]
[White "Zvjaginsev,V"]
[Black "Kurnosov,I"]
[Result "1/2-1/2"]
[WhiteElo "2659"]
[BlackElo "2549"]
[EventDate "2005.09.03"]

1. e4 c5 2. Nf3 d6 3. Bb5+ Nd7 4. d4 Ngf6 5. Nc3 cxd4 6. Qxd4 e5 7. Qd3 h6
8. Be3 Be7 9. Bc4 a6 10. a4 Qc7 11. Bd5 Nb6 12. Bxb6 Qxb6 13. Nd2 Be6 14.
Nc4 Qd4 15. O-O-O Qxd3 16. Rxd3 O-O-O 17. f3 Kc7 18. Rhd1 g6 19. b4 Rhf8
20. Kb2 Nxd5 21. Nxd5+ Bxd5 22. Rxd5 f5 23. Re1 fxe4 24. Rxe4 Kc6 25. Ne3
Bg5 26. b5+ axb5 27. axb5+ Kd7 28. Nd1 Ke6 29. c4 Rf4 30. Nc3 Rxe4 31. Nxe4
Be3 32. Kc2 g5 33. Kd3 Bd4 34. Ke2 b6 35. g3 Ke7 36. f4 gxf4 37. gxf4 Rf8
38. Nxd6 Rxf4 39. Nc8+ Kf7 40. Rd7+ Ke8 41. Rd6 h5 42. Nxb6 Bxb6 43. Rxb6
Rxc4 1/2-1/2

[Event "58th ch-RUS Semi-Final"]
[Site "Kazan RUS"]
[Date "2005.09.03"]
[Round "1"]
[White "Bezgodov,A"]
[Black "Khalifman,A"]
[Result "1/2-1/2"]
[WhiteElo "2548"]
[BlackElo "2653"]
[EventDate "2005.09.03"]

1. e4 g6 2. d4 Bg7 3. Nc3 d6 4. Nf3 Nf6 5. Be2 O-O 6. O-O Bg4 7. Be3 Nc6 8.
Qd2 e5 9. dxe5 dxe5 10. Rad1 Qc8 11. Qc1 Rd8 12. Rxd8+ Nxd8 13. Rd1 Ne6 14.
h3 Bxf3 15. Bxf3 c6 16. a3 Qc7 17. Ne2 a5 18. g4 Bf8 19. g5 Nd7 20. Bg4
Ndc5 21. f3 a4 22. Kg2 Be7 23. h4 Rd8 24. Rxd8+ Qxd8 25. Qd2 h6 26. Qxd8+
Bxd8 27. gxh6 Bxh4 28. f4 exf4 29. Nxf4 Nxf4+ 30. Bxf4 Nxe4 31. Bc8 Nc5 32.
Be3 b6 33. b4 axb3 34. cxb3 Nxb3 35. Bxb6 Be7 36. a4 Bb4 37. Ba6 Na5 38.
Kf3 Kh7 39. Be3 f5 40. Ke2 Bd6 41. Bb6 Nb3 42. Bc4 Nc5 43. a5 Kxh6 44. a6
Nxa6 1/2-1/2

[Event "58th ch-RUS Semi-Final"]
[Site "Kazan RUS"]
[Date "2005.09.03"]
[Round "1"]
[White "Rublevsky,S"]
[Black "Kosyrev,V"]
[Result "1-0"]
[WhiteElo "2645"]
[BlackElo "2540"]
[EventDate "2005.09.03"]

1. e4 e6 2. d4 d5 3. Nd2 Nf6 4. Bd3 c5 5. e5 Nfd7 6. c3 b6 7. Ne2 Ba6 8.
Bxa6 Nxa6 9. O-O Nc7 10. Nf4 Be7 11. Qg4 g6 12. Nf3 c4 13. h4 h5 14. Qg3 b5
15. Nh3 Nf8 16. a4 bxa4 17. Rxa4 a6 18. Nfg5 Nh7 19. Qf3 Nxg5 20. Bxg5 Rb8
21. Ra2 Bxg5 22. Nxg5 Qe7 23. Re1 O-O 24. Re3 Ne8 25. g4 hxg4 26. Qxg4 Ng7
27. Rxa6 Rxb2 28. Rf3 Rb1+ 29. Kh2 Qb7 30. Rd6 Rb6 31. Rxb6 Qxb6 32. h5 Qb1
33. h6 Nf5 34. Nxe6 Ra8 35. h7+ Kh8 36. Ng5 Ra1 37. Qg2 Qc1 38. Nxf7+ Kxh7
39. Ng5+ Kg7 40. Ne6+ Kf7 41. Rh3 Nh6 42. Ng5+ Kg7 43. Rg3 Nf5 44. Ne6+ Kf7
45. Rxg6 Ne7 46. Rf6+ Ke8 47. Nc7+ 1-0

[Event "58th ch-RUS Semi-Final"]
[Site "Kazan RUS"]
[Date "2005.09.03"]
[Round "1"]
[White "Khairullin,I"]
[Black "Smirnov,P"]
[Result "1/2-1/2"]
[WhiteElo "2538"]
[BlackElo "2635"]
[EventDate "2005.09.03"]

1. e4 c5 2. Ne2 d6 3. g3 Nc6 4. Bg2 g6 5. c3 Bg7 6. d4 cxd4 7. cxd4 e6 8.
O-O Nge7 9. Nbc3 O-O 10. Be3 d5 11. exd5 exd5 12. Qd2 Be6 13. Bh6 Bxh6 14.
Qxh6 Qb6 15. Qd2 Rad8 16. Nf4 Qxd4 17. Qxd4 Nxd4 18. Rad1 Ndc6 19. Nfxd5
Nxd5 20. Bxd5 1/2-1/2

[Event "58th ch-RUS Semi-Final"]
[Site "Kazan RUS"]
[Date "2005.09.03"]
[Round "1"]
[White "Jakovenko,D"]
[Black "Yevseev,D"]
[Result "1/2-1/2"]
[WhiteElo "2627"]
[BlackElo "2537"]
[EventDate "2005.09.03"]

1. d4 d5 2. c4 e6 3. Nf3 Nf6 4. Nc3 c6 5. Bg5 dxc4 6. e4 b5 7. e5 h6 8. Bh4
g5 9. Nxg5 hxg5 10. Bxg5 Nbd7 11. g3 Rg8 12. h4 Rxg5 13. hxg5 Nd5 14. g6
fxg6 15. Qg4 Qe7 16. Bg2 Kd8 17. Bxd5 cxd5 18. Qxg6 Bg7 19. a4 Nf8 20. Qg4
b4 21. Nb5 a6 22. Nd6 a5 23. Qh5 Ra6 24. Nf7+ Ke8 25. Ng5+ Kd8 26. Rh4 Ra7
27. Rf4 Rd7 28. Nf7+ Kc7 29. Qg4 Qxf7 30. Rxf7 Rxf7 31. Qh5 Re7 32. f4 Nd7
33. g4 b3 34. Kd2 Bf8 35. f5 exf5 36. gxf5 Rg7 37. Qf3 Nb6 38. Rh1 Bb4+ 39.
Kc1 c3 40. f6 Rf7 41. bxc3 Ba3+ 42. Kd2 Be6 43. Qd3 Nc4+ 44. Ke2 b2 45. Rg1
Bf8 46. Rb1 Ba3 47. Rg1 Kb6 48. Qg6 Ka7 49. Rb1 Rb7 50. Qh5 Nb6 51. Qe8 Bf7
52. Qc6 Nc4 53. e6 Bg6 54. Rg1 b1=Q 55. Rxb1 Rxb1 56. f7 Rb2+ 57. Kf3 Be4+
58. Kg3 Rb7 59. Qe8 Bd6+ 60. Kh4 Bf5 61. Kg5 Bh3 62. Kf6 Nd2 63. Qd8 Be7+
64. Qxe7 Ne4+ 65. Kg6 Rxe7 66. f8=Q Rxe6+ 67. Kh5 Rc6 68. Qd8 Bc8 69. Qxa5+
Ba6 70. Kg4 Nxc3 71. Kf4 Rc4 72. Ke5 Nxa4 73. Qxd5 Nb6 74. Qf7+ Bb7 75. Qf2
Ra4 76. Kf6 Nd5+ 77. Kg7 Ra6 78. Qc2 Re6 79. Qc5+ Kb8 80. Qf8+ Kc7 81. Qc5+
Kd7 82. Qa7 Re7+ 83. Kg6 Ke6 84. Qa2 Bc6 85. Kg5 Rg7+ 86. Kh4 Kf7 87. Qf2+
Nf6 88. Kh3 Bd5 89. Qf4 Be6+ 90. Kh2 Rg4 91. Qc7+ Kg6 92. Qd6 Bd5 93. Kh3
Re4 94. Kg3 Re6 95. Qb8 Re3+ 96. Kf2 Rb3 97. Qd6 Rf3+ 98. Ke2 Rf5 99. Kd2
Kg5 100. Qe7 Kg4 101. Kc3 Kf3 102. Qe1 Ne4+ 103. Kb4 Nf2 104. Qc3+ Kg4 105.
Qc8 Nd3+ 106. Kc3 Nf4 107. Kd2 Be6 108. Qc6 Ra5 109. Qd6 Kf3 110. Kc3 Bd5
111. Kb4 Ra2 112. Qf6 Rc2 113. Kb5 Be4 114. Qf8 Ke3 115. Qh6 Rc7 116. Qg5
Kf3 1/2-1/2

[Event "58th ch-RUS Semi-Final"]
[Site "Kazan RUS"]
[Date "2005.09.03"]
[Round "1"]
[White "Novikov,St"]
[Black "Alekseev,Evgeny"]
[Result "1/2-1/2"]
[WhiteElo "2534"]
[BlackElo "2625"]
[EventDate "2005.09.03"]

1. e4 c5 2. Nf3 d6 3. d4 cxd4 4. Nxd4 Nf6 5. Nc3 a6 6. Be3 e5 7. Nb3 Be6 8.
Nd5 Nbd7 9. Qf3 Bg4 10. Qg3 Be6 11. Qf3 Bg4 12. Qg3 Be6 1/2-1/2

[Event "58th ch-RUS Semi-Final"]
[Site "Kazan RUS"]
[Date "2005.09.03"]
[Round "1"]
[White "Shaposhnikov,E"]
[Black "Volkov,S1"]
[Result "0-1"]
[WhiteElo "2533"]
[BlackElo "2622"]
[EventDate "2005.09.03"]

1. c4 c6 2. e4 d5 3. cxd5 cxd5 4. exd5 Nf6 5. Nc3 Nxd5 6. Bc4 Nxc3 7. Qf3
Nd5 8. Bxd5 e6 9. Bxb7 Bxb7 10. Qxb7 Nd7 11. Nf3 Rb8 12. Qe4 Be7 13. O-O
O-O 14. d4 a5 15. Qe2 Rb7 16. Bf4 Nb6 17. Rfc1 a4 18. Bg3 Nd5 19. Rc4 Qd7
20. a3 Qb5 21. h3 g6 22. Rc2 Qxe2 23. Rxe2 Rc8 24. Rd1 Nb6 25. Ne5 Rbc7 26.
Rd3 Rc1+ 27. Kh2 Rb1 28. Bf4 f6 29. Ng4 h5 30. Rxe6 Nd5 31. Nh6+ Kg7 32.
Rg3 Bf8 33. Be5 h4 34. Rg4 Rcc1 35. Rxh4 fxe5 36. Ng4 Nf4 37. Ra6 Rh1+ 38.
Kg3 Ne2+ 39. Kf3 Nxd4+ 40. Ke4 Rhe1+ 41. Ne3 Rxb2 42. Kxe5 Nf5 43. Ra7+ Kg8
44. Re4 Bg7+ 45. Kd5 Rxf2 0-1

[Event "58th ch-RUS Semi-Final"]
[Site "Kazan RUS"]
[Date "2005.09.03"]
[Round "1"]
[White "Filippov,Va"]
[Black "Iljushin,A"]
[Result "1/2-1/2"]
[WhiteElo "2621"]
[BlackElo "2531"]
[EventDate "2005.09.03"]

1. d4 e6 2. c4 f5 3. g3 Nf6 4. Bg2 c6 5. Nh3 d5 6. O-O Bd6 7. Bf4 Be7 8.
Nd2 O-O 9. Qc2 Nbd7 10. Nf3 Ne4 11. Ne5 Nxe5 12. Bxe5 Nd6 13. cxd5 exd5 14.
Nf4 Nf7 15. Nd3 Nxe5 16. Nxe5 f4 17. gxf4 Rxf4 18. e3 Rf6 19. f4 Bf5 20.
Qe2 Bd6 21. Kh1 Rh6 22. Bf3 Rh3 23. Bg2 Rh6 24. Rf2 Qe7 25. Bf3 Rh3 26. Rg1
Bxe5 27. dxe5 Rxf3 28. Rxf3 Be4 29. Rgg3 Rd8 30. Kg1 Bxf3 31. Rxf3 c5 32.
Rf1 Qe6 33. Rd1 d4 34. exd4 cxd4 35. b3 Qg6+ 36. Kf2 d3 37. Qf3 d2 38. Qxb7
Qh5 39. Qf3 Qxh2+ 40. Ke3 g5 41. Qg4 Qxf4+ 42. Qxf4 gxf4+ 43. Kxf4 Kf7 44.
b4 Ke6 45. b5 Rd4+ 46. Ke3 Kxe5 47. a4 Rxa4 48. Rxd2 Re4+ 49. Kf3 Rf4+ 50.
Ke3 Rf7 51. Rh2 Re7 52. Rh5+ Kf6+ 53. Kf4 Rb7 54. Rc5 Kg6 55. Kg4 Rd7 56.
Rc6+ Kf7 57. Rh6 Ke8 58. Kf4 Kf8 59. Ra6 Ke7 60. Kg4 1/2-1/2

[Event "58th ch-RUS Semi-Final"]
[Site "Kazan RUS"]
[Date "2005.09.03"]
[Round "1"]
[White "Yemelin,V"]
[Black "Kharlov,A"]
[Result "1/2-1/2"]
[WhiteElo "2530"]
[BlackElo "2619"]
[EventDate "2005.09.03"]

1. e4 e5 2. Nf3 Nc6 3. Bb5 a6 4. Ba4 Nf6 5. O-O Be7 6. Re1 b5 7. Bb3 d6 8.
c3 O-O 9. d3 Na5 10. Bc2 c5 11. Nbd2 Re8 12. Nf1 Nc6 13. h3 h6 14. Ng3 Bf8
15. d4 cxd4 16. cxd4 exd4 17. Nxd4 Nxd4 18. Qxd4 Be6 19. Be3 Rc8 20. Qd2 d5
21. e5 d4 22. Bxd4 Nd5 23. a3 Ne7 24. Rac1 Nc6 25. Bc3 Qxd2 26. Bxd2 Red8
27. Nf1 Nd4 28. Bd1 Rxc1 29. Bxc1 b4 30. axb4 Bxb4 31. Bd2 Bxd2 32. Nxd2
Rb8 33. b3 a5 34. Re3 Rd8 35. Nf3 g5 36. Nxd4 Rxd4 37. Bg4 Bxg4 1/2-1/2

[Event "58th ch-RUS Semi-Final"]
[Site "Kazan RUS"]
[Date "2005.09.03"]
[Round "1"]
[White "Inarkiev,E"]
[Black "Loginov,Va"]
[Result "1-0"]
[WhiteElo "2618"]
[BlackElo "2527"]
[EventDate "2005.09.03"]

1. e4 c5 2. Nf3 d6 3. d4 cxd4 4. Nxd4 Nf6 5. Nc3 a6 6. Be3 e5 7. Nb3 Be6 8.
f3 Be7 9. Qd2 O-O 10. O-O-O Nbd7 11. g4 b5 12. g5 b4 13. Ne2 Ne8 14. Ng3 a5
15. Kb1 a4 16. Nc1 Nc7 17. f4 exf4 18. Bxf4 b3 19. Nf5 Nd5 20. Nxe7+ Nxe7
21. Bxd6 Re8 22. h4 Qb6 23. cxb3 axb3 24. a3 Ra4 25. Bh3 Rxe4 26. Bxe6 Rxe6
27. Rhe1 Nd5 28. Bg3 Rxe1 29. Rxe1 Qg6+ 30. Ka1 Rxe1 31. Bxe1 Qe4 32. Nxb3
f5 33. gxf6 gxf6 34. Bf2 Ne5 35. Nc5 Qf3 36. Ka2 Kf7 37. Qc2 f5 38. Bg1 Kg6
39. Qd2 f4 40. Qc2+ Kh6 41. Qf5 Nc3+ 42. bxc3 Qe2+ 43. Ka1 Qe1+ 44. Qb1
Qxc3+ 45. Qb2 Qe1+ 46. Ka2 Qxg1 47. Qxe5 Qf2+ 48. Kb3 Qg3+ 49. Kc4 Qxh4 50.
Qe6+ Kg7 51. Qe4 Qh3 52. Qe5+ Kg6 53. Qe6+ Qxe6+ 54. Nxe6 Kf5 55. Nd4+ Ke5
56. Kc5 h5 57. a4 1-0

[Event "58th ch-RUS Semi-Final"]
[Site "Kazan RUS"]
[Date "2005.09.03"]
[Round "1"]
[White "Vitiugov,N"]
[Black "Kobalia,M"]
[Result "0-1"]
[WhiteElo "2519"]
[BlackElo "2614"]
[EventDate "2005.09.03"]

1. d4 d5 2. c4 c6 3. Nc3 Nf6 4. Nf3 e6 5. Bg5 h6 6. Bh4 dxc4 7. e4 g5 8.
Bg3 b5 9. Be2 Bb7 10. h4 g4 11. Ne5 h5 12. f3 Nbd7 13. fxg4 hxg4 14. O-O
Bg7 15. Nxf7 Kxf7 16. e5 Kg8 17. Bxg4 Rh6 18. Bxe6+ Kh8 19. Bf4 Ng8 20. Bg5
Qe8 21. Bf7 Qc8 22. Ne4 c5 23. Nf6 Ndxf6 24. exf6 Bxf6 25. Rxf6 Nxf6 26.
Bxh6 Qd7 27. Bg6 Rg8 28. h5 Qd5 29. Qc2 Nxh5 30. Re1 Qd6 31. Re8 Rxe8 32.
Bxe8 Qxh6 0-1

[Event "58th ch-RUS Semi-Final"]
[Site "Kazan RUS"]
[Date "2005.09.03"]
[Round "1"]
[White "Najer,E"]
[Black "Chebotarev,O"]
[Result "1-0"]
[WhiteElo "2614"]
[BlackElo "2517"]
[EventDate "2005.09.03"]

1. e4 e6 2. d4 d5 3. Nc3 Nf6 4. Bg5 dxe4 5. Nxe4 Be7 6. Bxf6 gxf6 7. Nf3 a6
8. g3 f5 9. Nc3 b5 10. Bg2 Bb7 11. O-O c5 12. Ne2 O-O 13. c3 Nd7 14. Qd2
Nf6 15. Rad1 Qc7 16. dxc5 Qxc5 17. Qh6 Ng4 18. Qf4 Rad8 19. Ned4 Be4 20.
Nd2 Bxg2 21. Kxg2 b4 22. Ne4 Qb6 23. h3 bxc3 24. bxc3 Qb7 25. hxg4 fxe4 26.
Qe3 Bf6 27. Rh1 Bg7 28. Rb1 Qa8 29. Rh4 f5 30. Nxe6 Rd3 31. Qg5 Rf7 32.
gxf5 e3+ 33. Kh2 h6 34. Qf4 Rb7 35. Rg4 e2 36. Qe5 Qa7 37. Rxg7+ Rxg7 38.
Rb8+ 1-0

[Event "58th ch-RUS Semi-Final"]
[Site "Kazan RUS"]
[Date "2005.09.03"]
[Round "1"]
[White "Korotylev,A"]
[Black "Yandemirov,V"]
[Result "1-0"]
[WhiteElo "2604"]
[BlackElo "2515"]
[EventDate "2005.09.03"]

1. d4 Nf6 2. c4 g6 3. f3 d5 4. cxd5 Nxd5 5. e4 Nb6 6. Nc3 Bg7 7. Be3 c6 8.
Qd2 Be6 9. O-O-O Nc4 10. Bxc4 Bxc4 11. b3 Ba6 12. Bh6 Bxh6 13. Qxh6 Qa5 14.
Kb2 Nd7 15. Nh3 b5 16. Ng5 Nb6 17. Qg7 O-O-O 18. Nxf7 Nc4+ 19. bxc4 b4 20.
Nb1 Bxc4 21. Nxd8 Rxd8 22. Qxe7 Qxa2+ 23. Kc1 Qb3 24. Qxa7 Bd3 25. Rxd3
Qxd3 26. Rd1 Qc4+ 27. Kb2 c5 28. d5 Rd6 29. Qa8+ Kc7 30. Qa7+ Kc8 31. Qa2
b3 32. Qa8+ Kc7 33. Nc3 Ra6 34. d6+ Rxd6 35. Qa7+ Kc6 36. Qa4+ Qxa4 37.
Rxd6+ Kxd6 38. Nxa4 1-0

[Event "58th ch-RUS Semi-Final"]
[Site "Kazan RUS"]
[Date "2005.09.03"]
[Round "1"]
[White "Kabanov,N"]
[Black "Belov,Vl"]
[Result "1/2-1/2"]
[WhiteElo "2508"]
[BlackElo "2596"]
[EventDate "2005.09.03"]

1. Nf3 c5 2. g3 Nc6 3. Bg2 e5 4. O-O g6 5. c4 Bg7 6. Nc3 Nge7 7. d3 d6 8.
a3 O-O 9. Rb1 a5 10. Ne1 Be6 11. Nd5 Rb8 12. Nc2 b5 13. Bg5 h6 14. Bxe7
Nxe7 15. b4 axb4 16. axb4 Nxd5 17. cxd5 Bd7 18. Na1 Ra8 19. Qd2 Ra4 20.
Rfc1 Qb6 21. bxc5 dxc5 22. Qe3 Rc8 23. Nb3 Rb4 24. Nd2 Rxb1 25. Rxb1 Kh7
26. h4 f5 27. h5 gxh5 28. Nf3 Qd6 29. Nh4 Bf6 30. Ra1 Bxh4 31. gxh4 Rg8 32.
Qf3 Rg7 33. Kf1 Rg4 34. Bh3 Rf4 35. Qxh5 Kg7 36. e3 Ra4 37. Rxa4 bxa4 38.
Bxf5 Bxf5 39. Qxf5 Qxd5 40. Qg4+ Kf6 41. Qxa4 Qxd3+ 42. Kg2 Qd5+ 43. e4 Qe6
44. Kg3 Kg6 45. f4 exf4+ 46. Kxf4 Qf6+ 47. Ke3 Qc3+ 48. Ke2 Kh5 49. Qc6 c4
50. Qe6 Qd3+ 51. Kf2 Qd2+ 52. Kf3 Qd1+ 53. Kf2 Qd4+ 54. Kf3 Qc3+ 55. Kf2
Qb2+ 56. Kf3 Qa3+ 57. Kf2 Qc5+ 58. Kf3 Qa3+ 1/2-1/2

[Event "58th ch-RUS Semi-Final"]
[Site "Kazan RUS"]
[Date "2005.09.03"]
[Round "1"]
[White "Epishin,V"]
[Black "Iljin,A"]
[Result "1/2-1/2"]
[WhiteElo "2600"]
[BlackElo "2500"]
[EventDate "2005.09.03"]

1. d4 Nf6 2. c4 e6 3. Nf3 b6 4. Nc3 Bb7 5. Bg5 h6 6. Bh4 Be7 7. e3 Ne4 8.
Nxe4 Bxe4 9. Bg3 O-O 10. Bd3 Bxd3 11. Qxd3 d6 12. e4 Nd7 13. O-O Qc8 14. b4
Qb7 15. Rfe1 Rfd8 16. Rab1 a5 17. b5 e5 18. Rbd1 Bf6 19. dxe5 Nxe5 20. Qd5
Nxf3+ 21. gxf3 Qc8 22. Kg2 Qe6 23. f4 Rac8 24. f5 Qxd5 25. cxd5 Bc3 26. Rg1
Re8 27. f3 Bb4 28. Kf1 Bc5 29. Rg2 f6 30. Be1 Re7 31. Bc3 Kf8 32. a4 Rce8
33. Ke2 Rf7 34. Kd3 Rfe7 35. Rdd2 Rf7 36. Rde2 Rfe7 37. h4 Rf7 38. h5 Ree7
39. Rg3 Ke8 40. f4 Kf8 41. Rf3 Rd7 42. Kc4 Rde7 43. Rf1 Ke8 44. Kd3 Kf8 45.
Rg2 Ke8 46. e5 fxe5 47. fxe5 dxe5 48. Ke4 Rf6 49. Rg6 Kf8 50. Bd2 Ref7 51.
Rf3 Bd4 52. Be1 Rd7 53. Bh4 Rff7 54. Rg2 Bc5 55. f6 Kg8 56. Rxg7+ Rxg7 57.
fxg7 Rxg7 58. Rg3 Bd6 59. Rxg7+ Kxg7 60. Kf5 Kf7 61. Bd8 Ke8 62. Bf6 Kf7
63. Bh8 Kf8 64. Kg6 e4 65. Bg7+ Ke8 66. Bxh6 Bc5 67. Bf4 e3 68. h6 1/2-1/2

[Event "58th ch-RUS Semi-Final"]
[Site "Kazan RUS"]
[Date "2005.09.03"]
[Round "1"]
[White "Nevostrujev,V"]
[Black "Riazantsev,A"]
[Result "0-1"]
[WhiteElo "2490"]
[BlackElo "2599"]
[EventDate "2005.09.03"]

1. e4 c6 2. d4 d5 3. Nd2 dxe4 4. Nxe4 Bf5 5. Ng3 Bg6 6. h4 h6 7. Nf3 Nd7 8.
h5 Bh7 9. Bd3 Bxd3 10. Qxd3 e6 11. Bd2 Ngf6 12. O-O-O Be7 13. Ne4 Nxe4 14.
Qxe4 Nf6 15. Qe2 Qd5 16. c4 Qe4 17. Qxe4 Nxe4 18. Be3 O-O 19. Nd2 Nf6 20.
f3 b5 21. Bf2 Rfd8 22. Kb1 Bb4 23. Ne4 Nxe4 24. fxe4 bxc4 25. Rc1 c3 26.
bxc3 Ba3 27. Rc2 c5 28. Rh3 Rab8+ 29. Ka1 c4 30. Rh1 Rb5 31. d5 exd5 32.
Rd1 Rd7 33. Rcd2 d4 34. cxd4 Rdb7 35. d5 c3 36. Rc2 Bb2+ 37. Kb1 Bc1+ 0-1

[Event "58th ch-RUS Semi-Final"]
[Site "Kazan RUS"]
[Date "2005.09.03"]
[Round "1"]
[White "Tseshkovsky,V"]
[Black "Bryzgalin,K"]
[Result "0-1"]
[WhiteElo "2599"]
[BlackElo "2480"]
[EventDate "2005.09.03"]

1. e4 c5 2. Nf3 Nc6 3. Nc3 e6 4. d4 cxd4 5. Nxd4 a6 6. Be2 d6 7. Be3 Nf6 8.
O-O Be7 9. f4 O-O 10. Kh1 Bd7 11. Nb3 b5 12. a3 Bc8 13. Bf3 Bb7 14. Qd2 Nd7
15. e5 dxe5 16. Rad1 Ndb8 17. fxe5 Qc7 18. Nc5 Nxe5 19. Bxb7 Nc4 20. Bf4
Qxc5 21. Qe2 Ra7 22. Qf3 Qb6 23. Be4 f5 24. Bd3 Nxb2 25. Rb1 Nxd3 26. Qxd3
Rd7 27. Qe2 Bf6 28. Na2 e5 29. Be3 Qe6 30. Nb4 Rc8 31. a4 Rc4 32. axb5 axb5
33. Nd3 Qc6 34. Nb4 Qe4 35. Nd3 b4 36. Qf3 Qxf3 37. gxf3 Nc6 38. Rf2 Kf7
39. Re2 Rd5 40. Kg2 g5 41. Bf2 g4 42. fxg4 Rxg4+ 43. Kh1 Rc4 44. Nb2 Rc3
45. Nd1 Rf3 46. Ne3 Rd7 47. Nc4 e4 48. Nd2 Rxf2 49. Rxf2 e3 50. Rxf5 exd2
51. Rd1 Ke6 52. Rc5 Ne7 53. Kg2 Nd5 0-1

[Event "58th ch-RUS Semi-Final"]
[Site "Kazan RUS"]
[Date "2005.09.03"]
[Round "1"]
[White "Chuprov,D"]
[Black "Galkin,A"]
[Result "1/2-1/2"]
[WhiteElo "2477"]
[BlackElo "2598"]
[EventDate "2005.09.03"]

1. e4 c6 2. d4 d5 3. Nd2 dxe4 4. Nxe4 Nd7 5. Nf3 Ngf6 6. Nxf6+ Nxf6 7. g3
Bf5 8. Bg2 e6 9. O-O Be4 10. Re1 h6 11. c4 Be7 12. b3 O-O 13. Bb2 a5 14.
Re3 a4 15. Qe1 axb3 16. Rxe4 Nxe4 17. Qxe4 bxa2 18. Bf1 Qb6 19. Bd3 g6 20.
Bc1 Rfd8 21. Qe2 Bf6 22. Rxa2 Rxa2 23. Qxa2 Bxd4 24. Bf1 Bg7 25. Be3 Qb4
26. Kg2 b5 27. Qa6 bxc4 28. Bxc4 Qd6 29. Bf4 Qc5 30. Be3 Qd6 31. Bf4 Qc5
32. Be3 1/2-1/2

[Event "58th ch-RUS Semi-Final"]
[Site "Kazan RUS"]
[Date "2005.09.03"]
[Round "1"]
[White "Shariyazdanov,A"]
[Black "Balashov,Y"]
[Result "1-0"]
[WhiteElo "2592"]
[BlackElo "2469"]
[EventDate "2005.09.03"]

1. Nf3 d6 2. d4 Nf6 3. c4 g6 4. Nc3 Bf5 5. Qb3 Qc8 6. g3 Bg7 7. Bg2 c6 8.
O-O O-O 9. Re1 b6 10. e4 Bh3 11. Bh1 h6 12. e5 dxe5 13. Nxe5 Nfd7 14. Nf3
Re8 15. Be3 Nf6 16. Ne5 Nfd7 17. Nd3 e5 18. Ne4 Qd8 19. dxe5 Nxe5 20. Nxe5
Rxe5 21. Rad1 Qe7 22. Bd4 Re6 23. Bxg7 Kxg7 24. Qc3+ Kh7 25. Nd6 Nd7 26.
Rxe6 Qxe6 27. Ne4 Bf5 28. Rd6 Qe8 29. Qd4 1-0

[Event "58th ch-RUS Semi-Final"]
[Site "Kazan RUS"]
[Date "2005.09.03"]
[Round "1"]
[White "Gavrilov,Al1"]
[Black "Dvoirys,S"]
[Result "1/2-1/2"]
[WhiteElo "2464"]
[BlackElo "2589"]
[EventDate "2005.09.03"]

1. d4 Nf6 2. c4 g6 3. Nc3 d5 4. cxd5 Nxd5 5. e4 Nxc3 6. bxc3 Bg7 7. Qa4+
Qd7 8. Qa3 b6 9. Nf3 Bb7 10. Bd3 c5 11. Be3 O-O 12. O-O cxd4 13. cxd4 e6
14. Rfd1 Nc6 15. Rab1 Rfc8 16. d5 exd5 17. exd5 Na5 18. Bb5 Qf5 19. Qa4 Rd8
20. Bc6 h6 21. Rbc1 g5 22. h3 Rd6 23. Bd2 Bxc6 24. dxc6 Rc8 25. Bxa5 Qxa5
26. Qxa5 Rxd1+ 27. Rxd1 bxa5 28. Rc1 Kf8 29. a4 Ke7 30. Rc5 Kd6 31. Rxa5
Rc7 32. h4 Bc3 33. Rb5 f6 34. Nh2 Rxc6 35. Ng4 h5 36. Ne3 Be5 37. g3 gxh4
38. Nf5+ Ke6 39. Nxh4 Rc4 40. a5 Ra4 41. Ng6 Bc3 42. Nf4+ Kd6 43. Nxh5 Rxa5
44. Rxa5 Bxa5 45. Nxf6 Bd8 46. Ne4+ Kd5 47. f3 a5 48. Kf2 Kd4 49. Ke2 a4
50. Kd2 a3 51. Kc2 Ke3 52. Kb3 1/2-1/2

[Event "58th ch-RUS Semi-Final"]
[Site "Kazan RUS"]
[Date "2005.09.03"]
[Round "1"]
[White "Lastin,A"]
[Black "Galliamova,A"]
[Result "1-0"]
[WhiteElo "2583"]
[BlackElo "2453"]
[EventDate "2005.09.03"]

1. e4 c5 2. Nf3 Nc6 3. d4 cxd4 4. Nxd4 Nf6 5. Nc3 d6 6. Bg5 Bd7 7. Qd2 Rc8
8. Nxc6 Bxc6 9. f3 e6 10. O-O-O a6 11. Ne2 b5 12. Nd4 Bb7 13. h4 Be7 14.
Kb1 h6 15. Be3 Nd7 16. g4 Ne5 17. Be2 d5 18. exd5 Bxd5 19. g5 h5 20. Nf5
Bxa2+ 21. Kxa2 exf5 22. Qxd8+ Bxd8 23. Bd4 f6 24. f4 Ng4 25. g6 O-O 26. Bd3
Nh6 27. c4 Bc7 28. cxb5 axb5 29. Rhf1 Rb8 30. Kb3 Rfe8 31. Rc1 Ba5 32. Rfd1
Red8 33. Bg1 Rd5 34. Be2 Bd2 35. Rc2 1-0

[Event "58th ch-RUS Semi-Final"]
[Site "Kazan RUS"]
[Date "2005.09.03"]
[Round "1"]
[White "Shabanov,Y"]
[Black "Khismatullin,D"]
[Result "0-1"]
[WhiteElo "2451"]
[BlackElo "2583"]
[EventDate "2005.09.03"]

1. e4 c5 2. Nf3 d6 3. c3 Nf6 4. Be2 g6 5. O-O Bg7 6. Bb5+ Nbd7 7. Re1 a6 8.
Bf1 O-O 9. d4 e5 10. dxe5 dxe5 11. Nbd2 b5 12. a4 Rb8 13. b3 Ne8 14. Nb1
Qc7 15. axb5 axb5 16. Na3 Nd6 17. c4 bxc4 18. Nxc4 Nb5 19. Bd2 Re8 20. Ne3
Nf6 21. Bc4 Be6 22. Ng5 Bxc4 23. bxc4 Nd4 24. Ra2 Qb7 25. Nd5 h6 26. Nf3
Nxd5 27. cxd5 f5 28. Nh4 fxe4 29. Nxg6 Qxd5 30. Ra7 Rb7 31. Qa4 Re6 0-1

[Event "58th ch-RUS Semi-Final"]
[Site "Kazan RUS"]
[Date "2005.09.03"]
[Round "1"]
[White "Bocharov,D"]
[Black "Grebionkin,Vl"]
[Result "1-0"]
[WhiteElo "2574"]
[BlackElo "2438"]
[EventDate "2005.09.03"]

1. d4 Nf6 2. c4 g6 3. Nf3 Bg7 4. g3 c6 5. Bg2 d5 6. Qb3 O-O 7. O-O Qb6 8.
Nc3 Bf5 9. cxd5 Qxb3 10. axb3 cxd5 11. Bg5 e6 12. Ne5 Ne4 13. Be3 Nc6 14.
Nxc6 bxc6 15. Nxe4 Bxe4 16. Bxe4 dxe4 17. Rfc1 Rab8 18. Ra3 Rb4 19. Rxc6
Bxd4 20. Bxd4 Rxd4 21. Rxa7 Rd1+ 22. Kg2 Rd2 23. e3 Rxb2 24. Rb7 g5 25. b4
Kg7 26. b5 Kg6 27. g4 h6 28. b6 Rb1 29. Rd7 h5 30. gxh5+ Kxh5 31. b7 Kg6
32. Rcc7 Kf6 33. Re7 Kg6 34. h3 Rb2 35. Kg3 Kf6 36. Red7 Kg6 37. h4 gxh4+
38. Kxh4 f5 39. Rd6 Rh8+ 40. Kg3 f4+ 41. Kxf4 Kf6 42. Rc8 Rxf2+ 43. Kxe4
1-0